| 000 | 00482nam a2200121 a 4500 | ||
|---|---|---|---|
| 008 | 120416s1971 xx |||||||||||||| || u | ||
| 050 | _aTC 540 Adv | ||
| 100 | _aJansen, Robert B | ||
| 245 | 1 | 0 |
_aAdvanced dam engineering for design, construction and rehabilitation _cedited by Robert B. Jansen |
| 260 | _c1971 | ||
| 350 | _a0.00 | ||
| 995 |
_D0.00 _FCBU-MAIN LIBRARY (Kitwe) _H1 _I58.50 _UAVAILABLE _ZMain Library Open Access Collection |
||
| 999 |
_c33537 _d33537 |
||